| 000 | 00817nam a2200241Ia 4500 | ||
|---|---|---|---|
| 003 | GCL | ||
| 008 | 140319s9999 xx 000 0 ara d | ||
| 020 | _a7595305977 | ||
| 040 |
_aGCL / _cGCL |
||
| 082 | 0 | 4 |
_aق _b069.0962 _bف ا |
| 100 | 1 | _aمصطفى العبادى | |
| 245 | 1 | 0 |
_aالاسكندرية المتحف اليونانى الرومانى / _cمصطفى العبادى |
| 700 | 1 | _aفكرى حسن | |
| 700 | 1 | _aاحمد عبدالفتاح | |
| 700 | 1 | _aميرفت سيف الدين | |
| 260 |
_aالقاهرة : _bالمجلس الاعلى للاثار ، _c2003 |
||
| 300 |
_a223 ص ؛ _c24 سم |
||
| 650 | 0 | 4 | _aالفن الرومانى |
| 650 | 0 | 4 | _aالمتحف اليونانى الرومانى |
| 650 | 0 | 4 | _aالفن القديم |
| 650 | 0 | 4 | _aمصر - المتاحف |
| 942 |
_2ddc _cBK |
||
| 999 |
_c8573 _d8573 |
||